| 000 | 00348nam a22001217a 4500 | ||
|---|---|---|---|
| 008 | 160614b xxu||||| |||| 00| 0 eng d | ||
| 020 | _a9780803621664 | ||
| 020 | _a0803621663 | ||
| 041 | _aeng | ||
| 080 | _a618.2 | ||
| 245 |
_aFamily health care nursing / Theory, practice and research: _cjoanna Rowe Kaakinen; Vivian Gedaly-Duff; |
||
| 942 |
_2udc _cBK |
||
| 999 |
_c2498 _d2498 |
||